السيطرة على الفساد / (Record no. 14293)
[ view plain ]
| 000 -الفاتح | |
|---|---|
| حقل البيانات ثابتة الطول | 01074nam a22002057a 4500 |
| 008 - عناصر البيانات ثابتة الطول - معلومات عامة | |
| حقل البيانات ثابتة الطول | 100629s1994 xxu||||| |||| 00| 0 ara d |
| 082 ## - رقم تصنيف ديوى العشرى | |
| رقم الطبعة | 22 |
| رقم التصنيف | 350.994 |
| رقم المادة | ك ل ي |
| 100 1# - المدخل الرئيسى - إسم شخصى | |
| 9 (RLIN) | 15458 |
| الإسم الشخصى | كليتجارد ، روبرت |
| 245 ## - بيان العنوان | |
| العنوان | السيطرة على الفساد / |
| بيان المسئوليه,etc | روبرت كليتجارد ؛ ترجمة على حسين حجاج ؛ مراجعة فاروق جرار |
| 260 ## - PUBLICATION, DISTRIBUTION, ETC. (IMPRINT) | |
| مكان الناشر او الموزع | عمان : |
| اسم الناشر او الموزع | دار البشير ، |
| تاريخ النشر أو التوزيع | 1994. |
| 300 ## - الوصف المادى | |
| التعداد | 285 ص : |
| أبعاد الوعاء | 24 سم. |
| 541 ## - تبصرة المصدر المباشر للتزويد | |
| مصدر التزويد | ألف باء ؛ |
| طريقة التزويد | شراء ؛ |
| 650 ## - المدخل الاضافى بالموضوع-مصطلح موضوعى | |
| 9 (RLIN) | 15459 |
| مصطلح موضوعي أو اسم جغرافي كعنصر مدخل | فساد |
| التقسيم الفرعي العام | سياسة |
| 650 ## - المدخل الاضافى بالموضوع-مصطلح موضوعى | |
| 9 (RLIN) | 15460 |
| مصطلح موضوعي أو اسم جغرافي كعنصر مدخل | سياسة |
| التقسيم الفرعي العام | دول نامية |
| 700 ## - المدخل الاضافى - اسم شخصى | |
| 9 (RLIN) | 15461 |
| الإسم الشخصى | حجاج ، علي حسين |
| الدور | ترجمة |
| 700 ## - المدخل الاضافى - اسم شخصى | |
| 9 (RLIN) | 15462 |
| الإسم الشخصى | جرار ، فاروق |
| الدور | مراجعة |
| 942 ## - عناصر المدخل الإضافي( كوها) | |
| مصدر التصنيف او مخطط الترفيف | Dewey Decimal Classification |
| Koha [default] item type | Book - Borrowing |
| حالة التراجع | حالة الفقد | مصدر التصنيف او خطة الترفيف | حالة تلف | ليس للاعارة | مجموعات كوها | المكان الدائم | المكان الحالي | موقع الترفيف | تاريخ الاكتساب | Source of acquisition | رقم الاستدعاء | الباركود | Date last seen | نوع الوعاء | مُعار |
|---|---|---|---|---|---|---|---|---|---|---|---|---|---|---|---|
| Dewey Decimal Classification | Alef-Baa | Central Library | Central Library | First floor | 29/06/2010 | 350.994 ك ل ي | 000021115 | 15/07/2025 | Book - Borrowing | ||||||
| Dewey Decimal Classification | Alef-Baa | Central Library | Central Library | First floor | 25/08/2010 | 350.994 ك ل ي | 000021762 | 15/07/2025 | Book - Borrowing | 29/05/2018 |